Molod' - roslyna, pro jaku treba starytysja-

Bibliographic Details
Main Authors: Begeni, Peter, 1944- (Author, Interviewer), Humeník, Peter, 1954-2021 (Author)
Format: Article
Language:Ukrainian
PhysicalDescription:Fotogr.
Subjects:
Online Access:www.rusini-ukrajinci.tym.sk

MARC

LEADER 00000nab a2200000 a 4500
001 vtls010353862
003 SK-MaSNL
005 20260318121905.0
008 120424c2011 xo wr p 000 c0ukr
015 |a SNBRB2012/04 
038 |a SVKPOCL 
040 |a SVKPOCL  |b slo  |c SVKPOCL  |e AACR2 
041 0 |a ukr 
044 |a xo  |c SK 
080 |a 37.03-053.6  |2 2001 
080 |a 06.068  |2 2001 
080 |a 929 Humeník, Peter  |2 2001 
080 |a 271.2-726.3  |2 2001 
100 1 |a Begeni, Peter,  |d 1944-  |4 aut  |4 ivr  |9 115191 
245 1 0 |a Molod' - roslyna, pro jaku treba starytysja-  |c [rozmovu viv] Petro Begeni 
300 |b Fotogr. 
600 1 7 |a Humeník, Peter,  |d 1954-2021  |2 svkpocl  |9 240573 
648 7 |a 2011  |2 svkpocl  |9 328311 
650 0 7 |a výchova mládeže  |2 svkpocl  |9 29782 
650 0 7 |a ceny a vyznamenania  |2 svkpocl  |9 73045 
650 0 7 |a pravoslávni kňazi  |2 svkpocl  |9 106371 
651 7 |a Humenné (Slovensko)  |2 svkpocl  |9 19199 
655 7 |a rozhovory  |2 svkpocl  |9 31831 
700 1 |a Humeník, Peter,  |d 1954-2021  |4 aut  |4 ive  |9 240573 
773 0 |t Nove žyttja  |g Roč. 61, č. 17-18 (2011), s. 4 
852 |a SVKPO  |b KIS3GCP 
856 4 1 |u www.rusini-ukrajinci.tym.sk 
958 |a UK 
958 |a SK 
958 |a NT 
958 |a BX 
999 |c 3170830  |d 3172760